| 000 | 01372nam a22003611i 4500 | ||
|---|---|---|---|
| 001 | bslw10111181 | ||
| 005 | 20240305165705.0 | ||
| 006 | m o d | ||
| 007 | cr un ---uuuua | ||
| 008 | 231219s2021 ck ac ob 000 0 spa d | ||
| 020 | _a9789587914818 | ||
| 035 | _a42155 | ||
| 040 |
_aUtOrBLW _beng _erda _cUtOrBLW |
||
| 043 | _as-ck--- | ||
| 050 | 4 |
_aUB365.C7 _bM65 2021 |
|
| 082 | 0 | 4 |
_a362.8680971 _223 |
| 100 | 1 |
_aMolano Turriago, María José, _eauthor. |
|
| 245 | 1 | 0 |
_aCartsis : _bel valor de trascender / _cautores María José Molano Turriago, Dagoberto Mata Daza, Fabio Alejandrdo Jiménez Pérez, Mateo Rubiano Giraldo; editor Mateo Rubiano Giraldo. |
| 264 | 1 |
_aBogotá, D.C. : _bGrupo Editorial Ibañez, _c2021. |
|
| 300 |
_a1 online resource (195 pages) : _bchiefly color illustrations, portraits |
||
| 336 |
_atext _btxt _2rdacontent |
||
| 337 |
_acomputer _bc _2rdamedia |
||
| 338 |
_aonline resource _bcr _2rdacarrier |
||
| 504 | _aIncludes bibliographical references. | ||
| 610 | 1 | 0 |
_aColombia. _bEjército. |
| 650 | 0 |
_aDisabled veterans _zColombia _vBiography. |
|
| 650 | 0 |
_aAthletes _zColombia _vBiography. |
|
| 700 | 1 |
_aMata Daza, Dagoberto, _eauthor. |
|
| 700 | 1 |
_aJiménez Pérez, Fabio Alejandrdo, _eauthor. |
|
| 700 | 1 |
_aRubiano Giraldo, Mateo, _eauthor, _eeditor. |
|
| 856 | 4 | 0 | _uhttps://app.vlex.com/#/sources/42155 |
| 942 | _cRAA | ||
| 999 |
_c173643 _d173643 |
||